000
00205 a2200097 4500
001
49436
100
_a
Dexter
245
_a
World in Eclipse
260
_a
London
_b
Peter Owen Ltd
_c
090
_c
31971
_d
31971
942
_a
NUST-CAE
_c
M
_c
24415
999
_c
284509
_d
284509